| 000 | 00484cam a2200205ua 4500 | ||
|---|---|---|---|
| 001 | 2985 | ||
| 005 | 20260515113621.0 | ||
| 008 | 120217n ii |||gr||||Z||||||asm | ||
| 020 | _a81-7339-055-X | ||
| 040 | _cMAIN | ||
| 082 | _a808.8032 | ||
| 100 |
_aSaikia, Nagen, _eAuthor. |
||
| 245 | 1 | 1 |
_aAmerikat dahdin _cby Nagen Saikia |
| 250 | _a2nd. | ||
| 260 |
_aGuahati: _bBanalata,994. |
||
| 300 |
_a142p: _c23cm. |
||
| 653 | _aTravelogue | ||
| 653 | _a Amerikat dahdin | ||
| 942 | _cBK | ||
| 999 |
_c2831 _d2831 |
||